Prázdninové stretnutie mládeže v Bardejovských kúpeľoch 15.07.2006

Bibliographic Details
Main Author: Beňa, Marek (Author)
Format: Article
Language:Slovak
PhysicalDescription:Fotogr.
ISSN:1335-6739
Subjects:

MARC

LEADER 00000nab a2200000 a 4500
001 vtls009008265
003 SK-MaSNL
005 20260303065513.0
008 190605c2006 xo mr p 000 00slo
038 |a SVKPO 
040 |a SVKPO  |b slo  |c SVKPO  |e AACR2 
041 0 |a slo 
044 |a xo  |c SK 
080 |a 316.346.32-053.2  |2 2001 
080 |a 061.22  |2 2001 
100 1 |a Beňa, Marek  |4 aut  |9 339449 
245 1 0 |a Prázdninové stretnutie mládeže v Bardejovských kúpeľoch 15.07.2006  |c Spracoval: Marek Beňa 
300 |b Fotogr. 
610 2 7 |a Filokália (občianske združenie : Prešov, Slovensko)  |2 svkpocl  |9 1065642 
648 7 |a 2006  |2 svkpocl  |9 313148 
650 0 7 |a deti a mládež  |x stretnutia  |2 svkpocl  |9 1065643 
651 7 |a Bardejovské Kúpele (Bardejov, Slovensko)  |2 svkpocl  |9 187552 
651 7 |a Bardejov (Slovensko)  |2 svkpocl  |9 20040 
773 0 |t Istyna = Istina  |g Roč. XI, júl-august (2006), s. 43-44  |x 1335-6739 
852 |a SVKPO  |b KIS3GCP 
958 |a UK 
958 |a RN 
958 |a NT 
958 |a SK 
999 |c 1751456  |d 1753386